A Móricz-kollégisták népi estjei az üzemek munkásságának

Elmentve itt :
Bibliográfiai részletek
Dokumentumtípus: Cikk
Megjelent: 1946-11-24
Sorozat:Délmagyarország
Kulcsszavak:Kulturális élet Szeged 1946
Online Access:http://dmarchiv.bibl.u-szeged.hu/34435
LEADER 00437nab a2200145 i 4500
001 delm34435
005 20180927112907.0
008 180927s1946 hu o 0|| hun d
040 |a SZTE Délmagyarország Archívum  |b hun 
041 |a hun 
245 0 2 |a A Móricz-kollégisták népi estjei az üzemek munkásságának  |h [elektronikus dokumentum] 
260 |c 1946-11-24 
300 |a 5 
490 0 |a Délmagyarország 
695 |a Kulturális élet Szeged 1946